000 00329nam a2200121 4500
008 180213b xxu||||| |||| 00| 0 eng d
100 _926414
_aBinay, Jejomar C.
245 _aTax reforms/
_cJejomar C. Binay
260 _aPhilippines
_bManila Bulletin
_cc2017
300 _apage 10.
650 0 _926415
_aTaxation.
942 _2ddc
_cPER
999 _c8595
_d8595